Lithuanian towns (not cities) - Statistics

General Stats
  • This quiz has been taken 22 times
  • The average score is 29 of 254
Answer Stats
Population (2021) Answer % Correct
587 | 2928 Akademija
38%
553 Giedraičiai
38%
245 Joniškis
38%
1195 Karmėlava
38%
238 Kernavė
38%
1131 Rusnė
38%
1203 Darbėnai
31%
1047 Kretingalė
31%
1469 Leipalingis
31%
1243 Lukšiai
31%
1562 Maišiagala
31%
963 Merkinė
31%
1992 Pilviškiai
31%
1987 Rukla
31%
530 Šiluva
31%
1334 Švėkšna
31%
209 Turmantas
31%
773 Alanta
23%
1694 Baisogala
23%
1195 Balbieriškis
23%
636 Bezdonys
23%
578 Dieveniškės
23%
643 Dotnuva
23%
372 Eržvilkas
23%
2383 Jašiūnai
23%
523 Kintai
23%
1375 Krekenava
23%
1393 Kulautuva
23%
526 Kuliai
23%
43 Labanoras
23%
733 Laukuva
23%
751 Lekėčiai
23%
366 Musninkai
23%
792 Naujamiestis
23%
639 Nemakščiai
23%
421 Onuškis
23%
400 Raguva
23%
391 Raudonė
23%
714 Rozalimas
23%
1664 Rumšiškės
23%
128 Salos
23%
461 Seredžius
23%
1357 Tirkšliai
23%
1060 Tryškiai
23%
490 Tverai
23%
213 Valkininkai
23%
1027 Veiveriai
23%
546 Veliuona
23%
364 Želva
23%
1087 Žemaičių Naumiestis
23%
558 Adutiškis
15%
1486 Babtai
15%
406 Betygala
15%
739 Butrimonys
15%
180 Dubingiai
15%
769 Griškabūdis
15%
1187 Gruzdžiai
15%
1122 Josvainiai
15%
355 Jūrė
15%
478 Kapčiamiestis
15%
763 Kartena
15%
553 Kražiai
15%
499 Kruonis
15%
216 Kurtuvėnai
15%
1548 Kvėdarna
15%
375 Laižuva
15%
1206 Lapės
15%
256 Lyduokiai
15%
1420 Mickūnai
15%
916 Mosėdis
15%
458 Nemunėlio Radviliškis
15%
494 Nevarėnai
15%
326 Pagiriai
15%
412 Pagramantis
15%
614 Pajūris
15%
574 Pakuonis
15%
183 Panemunėlis
15%
196 Panemunis
15%
827 Papilė
15%
713 Plateliai
15%
197 Rudamina
15%
432 Salakas
15%
638 Saločiai
15%
516 Semeliškės
15%
741 Šėta
15%
575 Šiaulėnai
15%
213 Šilai
15%
459 Smilgiai
15%
113 Subačius
15%
765 Šumskas
15%
667 Svėdasai
15%
289 Taujėnai
15%
384 Tauragnai
15%
475 Turgeliai
15%
630 Užpaliai
15%
674 Vainutas
15%
736 Vandžiogala
15%
1573 Vėžaičiai
15%
1425 Viduklė
15%
1788 Viečiūnai
15%
246 Viešintos
15%
623 Viešvilė
15%
524 Vilkyškiai
15%
713 Ylakiai
15%
302 Zapyškis
15%
424 Žarėnai
15%
536 Žasliai
15%
709 Žeimelis
15%
598 Žemaičių Kalvarija
15%
185 Andrioniškis
8%
220 Antalieptė
8%
184 Antašava
8%
861 Aukštadvaris
8%
147 Bagaslaviškis
8%
238 Balninkai
8%
424 Barstyčiai
8%
362 Bartninkai
8%
354 Barzdai
8%
302 Bazilionai
8%
559 Čekiškė
8%
464 Deltuva
8%
1077 Dovilai
8%
513 Eigirdžiai
8%
614 Endriejavas
8%
356 Gardamas
8%
739 Girkalnis
8%
513 Grinkiškis
8%
774 Igliauka
8%
243 Janapolė
8%
388 Judrėnai
8%
1549 Juodupė
8%
349 Jūžintai
8%
739 Kačerginė
8%
1729 Kairiai
8%
190 Kaltanėnai
8%
572 Kaltinėnai
8%
548 Kamajai
8%
395 Katyčiai
8%
673 Klovainiai
8%
649 Krakės
8%
366 Kriukai
8%
214 Kriūkai
8%
465 Kruopiai
8%
330 Kurkliai
8%
1033 Kužiai
8%
117 Lauko Soda
8%
140 Leckava
8%
362 Leliūnai
8%
513 Lenkimai
8%
396 Lioliai
8%
843 Liudvinavas
8%
482 Luokė
8%
442 Lygumai
8%
856 Meškuičiai
8%
191 Mielagėnai
8%
179 Pabiržė
8%
63 Palėvenė
8%
309 Papilys
8%
117 Pašilė
8%
239 Pašvitinys
8%
296 Pikeliai
8%
493 Plikiai
8%
393 Pociūnėliai
8%
661 Pumpėnai
8%
538 Pušalotas
8%
184 Rimšė
8%
319 Šakyna
8%
231 Salamiestis
8%
261 Saldutiškis
8%
529 Sasnava
8%
486 Šaukėnai
8%
679 Seirijai
8%
516 Šeštokai
8%
142 Šešuoliai
8%
426 Sidabravas
8%
397 Siesikai
8%
358 Šimonys
8%
453 Sintautai
8%
701 Skaistgirys
8%
204 Skiemonys
8%
299 Surviliškis
8%
207 Tyruliai
8%
343 Upyna
8%
455 Vaškai
8%
613 Veiviržėnai
8%
458 Vepriai
8%
304 Vištytis
8%
490 Vyžuonos
8%
281 Žaiginys
8%
734 Žeimiai
8%
185 Žemaitkiemis
8%
128 Zibalai
8%
364 Židikai
8%
247 Alizava
0%
749 Alsėdžiai
0%
280 Aviliai
0%
204 Batakiai
0%
139 Čedasai
0%
270 Daugailiai
0%
325 Daujėnai
0%
235 Daukšiai
0%
334 Debeikiai
0%
163 Duokiškis
0%
88 Gadūnavas
0%
325 Gaurė
0%
270 Geležiai
0%
245 Gelvonai
0%
275 Gražiškiai
0%
262 Gudeliai
0%
420 Gudžiūnai
0%
129 Igliškėliai
0%
329 Kalnujai
0%
221 Karklėnai
0%
341 Keturvalakiai
0%
205 Krikliniai
0%
397 Krinčinas
0%
340 Krokialaukis
0%
244 Krosna
0%
391 Kuktiškės
0%
157 Kupreliškis
0%
71 Lyduvėnai
0%
559 Miežiškiai
0%
145 Nemunaitis
0%
228 Nerimdaičiai
0%
184 Pabaiskas
0%
274 Palonai
0%
321 Panoteriai
0%
252 Pašušvys
0%
254 Pavandenė
0%
197 Pernarava
0%
363 Šaukotas
0%
190 Šimkaičiai
0%
321 Skapiškis
0%
139 Stakiai
0%
288 Sudeikiai
0%
402 Šunskai
0%
148 Surdegis
0%
142 Suvainiškis
0%
262 Šventežeris
0%
270 Teneniai
0%
121 Traupis
0%
92 Truskava
0%
169 Tverečius
0%
157 Ubiškė
0%
153 Vadaktai
0%
460 Vadokliai
0%
349 Vadžgirys
0%
370 Vidiškiai
0%
167 Žalpiai
0%
58 Žemoji Panemunė
0%
168 Žvingiai
0%
132 Žvirgždaičiai
0%
426 Žygaičiai
0%
No matching quizzes found
Score Distribution
Percent of People with Each Score
Percentile by Number Answered
Your Score History
You have not taken this quiz